| 000 | 00333nam a22001217a 4500 | ||
|---|---|---|---|
| 020 | _a0805847286 | ||
| 082 | _a300.15195 | ||
| 100 | _aAndries Van der Ark | ||
| 245 | _aNew developments in categorical data analysis for the social and behavioral sciences | ||
| 260 |
_aLondon _bLawrence Erlbaum _c2005 |
||
| 300 | _a261 | ||
| 942 | _cBK | ||
| 999 |
_c2542 _d2542 |
||